Hydatid disease with special reference to Kenya / (Record no. 12945)
[ view plain ]
| 000 -LEADER | |
|---|---|
| fixed length control field | 00718cam a22002292 4500 |
| 001 - CONTROL NUMBER | |
| control field | 0000004926 |
| 005 - DATE AND TIME OF LATEST TRANSACTION | |
| control field | 20151217155826.0 |
| 008 - FIXED-LENGTH DATA ELEMENTS--GENERAL INFORMATION | |
| fixed length control field | 070604s xx 000 0 eng d |
| 020 ## - INTERNATIONAL STANDARD BOOK NUMBER | |
| International Standard Book Number | 9966846182 : |
| Terms of availability | KES 200 |
| 040 ## - CATALOGING SOURCE | |
| Original cataloging agency | KABU |
| Transcribing agency | KABU |
| 050 #0 - LIBRARY OF CONGRESS CALL NUMBER | |
| Classification number | RC184 |
| Item number | .T6O34 |
| 100 1# - MAIN ENTRY--PERSONAL NAME | |
| Personal name | Okelo, G. B. A. |
| -- | 0000155885 |
| 245 10 - TITLE STATEMENT | |
| Title | Hydatid disease with special reference to Kenya / |
| Statement of responsibility, etc. | G. B. A. Okelo, A. K. Chemtai, C. Marais French. |
| 260 ## - PUBLICATION, DISTRIBUTION, ETC. (IMPRINT) | |
| Place of publication, distribution, etc. | Nairobi : |
| Name of publisher, distributor, etc. | NUP, |
| Date of publication, distribution, etc. | 1991. |
| 300 ## - PHYSICAL DESCRIPTION | |
| Extent | xix, 84 p. |
| 650 #0 - SUBJECT ADDED ENTRY--TOPICAL TERM | |
| Topical term or geographic name as entry element | Chino-coccus. |
| -- | 0000155886 |
| 700 1# - ADDED ENTRY--PERSONAL NAME | |
| Personal name | Chemtai, A. K. |
| -- | 0000155887 |
| 700 1# - ADDED ENTRY--PERSONAL NAME | |
| Personal name | French, C. Marais. |
| -- | 0000155888 |
| 908 ## - PUT COMMAND PARAMETER (RLIN) | |
| Put command parameter | 070604 |
| 950 ## - LOCAL HOLDINGS (RLIN) | |
| -- | 1 |
| Withdrawn status | Lost status | Source of classification or shelving scheme | Not for loan | Home library | Current library | Date acquired | Total Checkouts | Full call number | Barcode | Date last seen | Price effective from | Koha item type |
|---|---|---|---|---|---|---|---|---|---|---|---|---|
| Library of Congress Classification | Kabarak, Main Campus | Kabarak, Main Campus | 17/12/2015 | RC184 .T6O34 | 003966 | 17/12/2015 | 17/12/2015 | Africana Collection |